00683nam a2200145Ia 4500008004100000020001800041082001800059100003900077245010100116260006600217300001100283440006100294500002700355650015500382120622s9999 xx 000 0 und d a968-856-202-5 a388.428 N322t aNavarro Benítez, Bernardo, 1956- aEl traslado masivo de la fuerza de trabajo en la Ciudad de México / Bernardo Navarro Benítez aMéxico : Departamento del Distrito Federal : Plaza y Valdes a182 p. aDesarrollo urbano : "Desafíos de una gran metrópoli" aIncluye bibliografía a1. METRO (MEDIO DE TRANSPORTE) - MEXICO (CIUDAD) \ 2. TRANSPORTE URBANO - MEXICIO (CIUDAD) \ 3. TRANSPORTE DE PASAJEROS \ 4. TRABAJO Y TRABAJADORESÌ